|
|
|
|
| LEADER |
00000nab a2200000 a 4500 |
| 001 |
vtls011122326 |
| 003 |
SK-MaSNL |
| 005 |
20260303205538.0 |
| 008 |
230222|1999 xo |||||||||||||||||slo| |
| 015 |
|
|
|a SNBRB
|
| 035 |
|
|
|a (uuid)a01c4770-21bd-4991-9a23-574b4411b05d
|
| 035 |
|
|
|a (urnnbn)urn:nbn:sk:snk:ar-a08wup
|
| 035 |
|
|
|a urn:nbn:sk:snk-ab9ued
|
| 040 |
|
|
|a SNKBUCL
|b slo
|c SNKBUCL
|e AACR2
|
| 041 |
0 |
|
|a slo
|
| 044 |
|
|
|a xo
|c SK
|
| 100 |
1 |
|
|a Palček, Peter
|4 aut
|9 792280
|
| 245 |
1 |
0 |
|a DEGRADÁCIA VLASTNOSTÍ MATERIÁLU RÚROK REGENERAČNÉHO KOTLA - II
|c Peter Palček, Otakar Bokůvka, Mária Chalupová, Ivan Durmis
|
| 246 |
3 |
|
|a DEGRADATION OF PROPERTIES OF REGENERATING BOILER TUBES MATERIAL - II
|
| 700 |
1 |
|
|a Bokůvka, Otakar,
|d 1945-
|4 aut
|9 196729
|
| 700 |
1 |
|
|a Chalupová, Mária
|4 aut
|9 9219
|
| 700 |
1 |
|
|a Durmis, Ivan
|4 aut
|9 8554
|
| 773 |
0 |
|
|t Materiálové inžinierstvo
|g Roč. 6, č. 15 (1999), s. 32-37
|
| 954 |
|
|
|a odborná, vedecká literatúra pôvodná (slovenská)
|2 lita
|
| 958 |
|
|
|a OND
|
| 958 |
|
|
|a EUIPO
|
| 958 |
|
|
|a article13
|
| 999 |
|
|
|c 2195877
|d 2197807
|